000
00305nam a2200133Ia 4500
100
_a
Pappas/C.H/ Murray/W.H
942
_c
BK
654
_a
Borland C++ handbook
245
_a
Borland C++ Handbook
260
_b
Osborne Mc graw Hill
_a
New Delhi
_c
1991
300
_a
875
546
_a
ENGLISH
999
_c
34905
_d
34905